The colonial periodical press in the Indian and Pacific Ocean regions / (Record no. 12676)

000 -LEADER
fixed length control field 05988cam a22006018i 4500
001 - CONTROL NUMBER
control field 9780429243677
003 - CONTROL NUMBER IDENTIFIER
control field FlBoTFG
005 - DATE AND TIME OF LATEST TRANSACTION
control field 20250103113422.0
006 - FIXED-LENGTH DATA ELEMENTS--ADDITIONAL MATERIAL CHARACTERISTICS
fixed length control field m o d
007 - PHYSICAL DESCRIPTION FIXED FIELD--GENERAL INFORMATION
fixed length control field cr |||||||||||
008 - FIXED-LENGTH DATA ELEMENTS--GENERAL INFORMATION
fixed length control field 230802s2023 nyu ob 001 0 eng
040 ## - CATALOGING SOURCE
Original cataloging agency OCoLC-P
Language of cataloging eng
Description conventions rda
Transcribing agency OCoLC-P
020 ## - INTERNATIONAL STANDARD BOOK NUMBER
International Standard Book Number 9780429243677
Qualifying information (ebk)
020 ## - INTERNATIONAL STANDARD BOOK NUMBER
International Standard Book Number 0429243677
020 ## - INTERNATIONAL STANDARD BOOK NUMBER
Canceled/invalid ISBN 9780367198497
Qualifying information (hbk)
020 ## - INTERNATIONAL STANDARD BOOK NUMBER
Canceled/invalid ISBN 9781032573991
Qualifying information (pbk)
020 ## - INTERNATIONAL STANDARD BOOK NUMBER
International Standard Book Number 9780429516825
Qualifying information (electronic bk.)
020 ## - INTERNATIONAL STANDARD BOOK NUMBER
International Standard Book Number 0429516827
Qualifying information (electronic bk.)
020 ## - INTERNATIONAL STANDARD BOOK NUMBER
International Standard Book Number 9780429513398
Qualifying information (electronic bk. : PDF)
020 ## - INTERNATIONAL STANDARD BOOK NUMBER
International Standard Book Number 0429513399
Qualifying information (electronic bk. : PDF)
020 ## - INTERNATIONAL STANDARD BOOK NUMBER
International Standard Book Number 9780429520259
Qualifying information (electronic bk. : Mobipocket)
020 ## - INTERNATIONAL STANDARD BOOK NUMBER
International Standard Book Number 0429520255
Qualifying information (electronic bk. : Mobipocket)
020 ## - INTERNATIONAL STANDARD BOOK NUMBER
Canceled/invalid ISBN 0367198495
024 ## - OTHER STANDARD IDENTIFIER
Standard number or code 10.4324/9780429243677
Source of number or code doi
035 ## - SYSTEM CONTROL NUMBER
System control number (OCoLC)1394994628
035 ## - SYSTEM CONTROL NUMBER
System control number (OCoLC-P)1394994628
050 ## - LIBRARY OF CONGRESS CALL NUMBER
Classification number PN5449.I45
072 ## - SUBJECT CATEGORY CODE
Subject category code HIS
Subject category code subdivision 000000
Source bisacsh
072 ## - SUBJECT CATEGORY CODE
Subject category code HIS
Subject category code subdivision 054000
Source bisacsh
072 ## - SUBJECT CATEGORY CODE
Subject category code HBTQ
Source bicssc
082 ## - DEWEY DECIMAL CLASSIFICATION NUMBER
Classification number 050.9182/4
Edition number 23/eng/20230822
245 ## - TITLE STATEMENT
Title The colonial periodical press in the Indian and Pacific Ocean regions /
Statement of responsibility, etc. edited by Sandra Ataíde Lobo, Jessica Falconi, Remy Dias, and Dave A. Smith.
260 ## - PUBLICATION, DISTRIBUTION, ETC.
Place of publication, distribution, etc. New York, NY :
Name of publisher, distributor, etc. Routledge,
Date of publication, distribution, etc. 2024.
300 ## - PHYSICAL DESCRIPTION
Extent 1 online resource.
336 ## - CONTENT TYPE
Content type term text
Content type code txt
Source rdacontent
337 ## - MEDIA TYPE
Media type term computer
Media type code c
Source rdamedia
338 ## - CARRIER TYPE
Carrier type term online resource
Carrier type code cr
Source rdacarrier
490 ## - SERIES STATEMENT
Series statement Routledge studies in cultural history
505 ## - FORMATTED CONTENTS NOTE
Formatted contents note I. Magazines and Intellectual Movements -- Goan Avant-garde, Indian Renaissance: the Revista da Índia (1913) Manifesto / Duarte Drumond Braga -- Worldly Politics and Cultural Magazines: Subtle Forms of Communal Self-assertion in Colonial Goal (1910s-1920s) / Joana Passos -- Magazines and Intellectual Movements. Literature and Politics in the Goan Periodical O Académico (1940-1943) / Helder Garmes -- The Periodical Colonial Press in Mozambique, 1947-55: Literature and Culture in the Western Indian Ocean / Giulia Spinuzza -- Augusto dos Santos Abranches: Driving Force of Cultural Transits / Ada Milani -- Virgílio de Lemos and the Political, Cultural, and Aesthetic Project of Msaho / Carmen Lúcia Tindó Secco and Marinei Almeida -- Caliban in the Indian Ocean: Rui Knopfli's Role in the Mozambican Literary System / Ana Mafalda Leite and Vanessa Riambau Pinheiro -- II. Press and Politics of Identity -- Goan Literary History in the Periodical Press: The Works of Jacinto Caetano Barreto Miranda and Vicente de Bragança Cunha / Daniela Spina -- Racial Hybrids and the Local Elite: Perceptions and Attitudes towards the "Other" in Portuguese Goa in the Nineteenth Century / Carmen Sharmila Pais -- Catholics, Konkani, and Indian Nationalism: Brief Notes on News and Politics in Goa and Bombay (c. 1890-1960). -- Dale Luis Menezes -- The Foro Indiano: The Application of Law in Goa as Seen from the Novas Conquistas? / Luís Pedroso de Lima Cabral de Oliveira -- Bharat'kar and his attempt towards Saraswat Lusitanisation / Varsha Vijayendra Kamat -- III. Writing colonial conflicts, crisis, and change -- Gatekeeping the News: Press Reports in the Koloniaal Tijdschrift Concerning the Dutch East Indies / Lisa Kuitert -- Modernity as Crisis: Migrants 'writing back' in the Colonial Goan Konkani Newspaper Amchó -- Gão (1929-1933)./ Remy Dias -- Catholic Press within the Politics of Democratization of Goan Catholicism: the Confrarias Polemics at the Newspaper Vauraddeancho Ixtt (1933-51) / Denis Evereth Fernandes -- The Angry Native in Portuguese Timor: The Rebellion of Manufahi in the Australian Press / Lúcio Sousa -- Assolna, Velim, Cuncolim Tri-conglomerate: Rebellious Voices in Gomantak / Sushila Sawant Mendes -- Negotiating Economic Blockade and Food Consumption as seen in Free Goa and the Goan Tribune / Maria de Lourdes Bravo da Costa.
520 ## - SUMMARY, ETC.
Summary, etc. "This book clarifies the crucial role of periodical press in the advance of colonial print cultures and public debates in the Indian and Pacific Oceans. The Colonial Periodical Press in the Indian and Pacific Ocean Regions is a venture of the International Group for Studies of Colonial Periodical Press of the Portuguese Empire IGSCP PE, which also invests on comparative studies and conceptual discussions. Moving around urban shores of the Indian and Pacific Oceans, it approaches the crucial role of periodical press in the development of colonial print cultures and public debates in these regions. By being mostly focused on press from spaces and peoples under the domain of the Portuguese Empire, it addresses a bibliographical gap in international discussions moved by the field. The outcome reflects an investment in offering decentred and denationalized approaches to the colonial print cultures and press histories under study, working as a platform for regional dialogues and comparative perspectives. The studies presented allow a better understanding of transits and connections both of an imperial and of a trans-imperial nature, contributing to the consolidation of comparative approaches in the studies of European empires and colonialisms. This volume is indispensable for scholars and students in Media Studies, Modern History, Cultural Studies, Literary Studies and Political Science"--
Assigning source Provided by publisher.
588 ## - SOURCE OF DESCRIPTION NOTE
Source of description note OCLC-licensed vendor bibliographic record.
650 ## - SUBJECT ADDED ENTRY--TOPICAL TERM
Topical term or geographic name entry element Periodicals
General subdivision Publishing
Geographic subdivision Indian Ocean Region.
650 ## - SUBJECT ADDED ENTRY--TOPICAL TERM
Topical term or geographic name entry element Periodicals
General subdivision Publishing
Geographic subdivision Pacific Area.
650 ## - SUBJECT ADDED ENTRY--TOPICAL TERM
Topical term or geographic name entry element Press and politics.
650 ## - SUBJECT ADDED ENTRY--TOPICAL TERM
Topical term or geographic name entry element HISTORY / General
Source of heading or term bisacsh
650 ## - SUBJECT ADDED ENTRY--TOPICAL TERM
Topical term or geographic name entry element HISTORY / Social History
Source of heading or term bisacsh
700 ## - ADDED ENTRY--PERSONAL NAME
Personal name Lobo, Sandra Ataíde,
Relator term editor.
700 ## - ADDED ENTRY--PERSONAL NAME
Personal name Falconi, Jessica,
Relator term editor.
700 ## - ADDED ENTRY--PERSONAL NAME
Personal name Dias, Remy,
Relator term editor.
700 ## - ADDED ENTRY--PERSONAL NAME
Personal name Smith, David Addison,
Relator term editor.
856 ## - ELECTRONIC LOCATION AND ACCESS
Materials specified Taylor & Francis
Uniform Resource Identifier <a href="https://www.taylorfrancis.com/books/9780429243677">https://www.taylorfrancis.com/books/9780429243677</a>
856 ## - ELECTRONIC LOCATION AND ACCESS
Materials specified OCLC metadata license agreement
Uniform Resource Identifier <a href="http://www.oclc.org/content/dam/oclc/forms/terms/vbrl-201703.pdf">http://www.oclc.org/content/dam/oclc/forms/terms/vbrl-201703.pdf</a>
Holdings
Withdrawn status Lost status Damaged status Not for loan Permanent Location Current Location Date acquired Date last seen Price effective from Koha item type
        IMU-MPC Library IMU-MPC Library 2025-01-03 2025-01-03 2025-01-03 E-Book
Copyright © 2021 Indian Maritime University, Mumbai Port Campus. All Rights Reserved. Managed & Maintained by Central Library, IMU-Mumbai

webs counters

Powered by Koha